000 00471nam a2200181Ia 4500
001 567
005 20260306140527.0
008 260306t2017||||xx |||||||||||||| ||spa||
041 _aESP
082 _a128
_bC34A
100 _aCastilla de Cortázar, Blanca
_eAUT
245 0 _aDignidad personal y condición sexuada :
_bun proseguir en antropología
260 _c2017
300 _a241 páginas :
_c22 cm.
650 _aGEN
654 _aCHU
942 _cLIB
_dJUS
_fJUS
_2ddc
_n
999 _c567
_d567